Welcome to WEB OPAC of MRSPTU Central Library

Computer Aided Design and Manufacturing (Record no. 6663)

MARC details
000 -LEADER
fixed length control field 00429nam a2200169Ia 4500
008 - FIXED-LENGTH DATA ELEMENTS--GENERAL INFORMATION
fixed length control field 230711s9999||||xx |||||||||||||| ||und||
020 ## - INTERNATIONAL STANDARD BOOK NUMBER
International Standard Book Number 978-81-7409-067-3
041 ## - LANGUAGE CODE
Language code of text/sound track or separate title ENG
082 ## - DEWEY DECIMAL CLASSIFICATION NUMBER
Classification number 670.285
Item number SI-C
100 ## - MAIN ENTRY--PERSONAL NAME
Personal name Singh,Sadhu
245 #0 - TITLE STATEMENT
Title Computer Aided Design and Manufacturing
250 ## - EDITION STATEMENT
Edition statement 4th Ed.
260 ## - PUBLICATION, DISTRIBUTION, ETC.
Date of publication, distribution, etc. 2015
Place of publication, distribution, etc. New Delhi
Name of publisher, distributor, etc. Khanna Publishers
300 ## - PHYSICAL DESCRIPTION
Extent 997p.
650 ## - SUBJECT ADDED ENTRY--TOPICAL TERM
Topical term or geographic name entry element Mechanical Engineering
942 ## - ADDED ENTRY ELEMENTS (KOHA)
Koha item type Book
Holdings
Withdrawn status Lost status Damaged status Not for loan Collection Home library Current library Date acquired Source of acquisition Cost, normal purchase price Inventory number Total checkouts Full call number Barcode Date last seen Price effective from Koha item type
          MRSPTU Central Library MRSPTU Central Library 08/09/2043 Krishna Book Distributors 449.00 KBD/2017-2018/1019343059   670.285 SI-C 39601 08/17/2023 08/17/2023 Book
          MRSPTU Central Library MRSPTU Central Library 08/09/2043 Krishna Book Distributors 449.00 KBD/2017-2018/1019343059   670.285 SI-C 39602 08/17/2023 08/17/2023 Book
          MRSPTU Central Library MRSPTU Central Library 08/09/2043 Krishna Book Distributors 449.00 KBD/2017-2018/1019343059   670.285 SI-C 39603 08/17/2023 08/17/2023 Book
          MRSPTU Central Library MRSPTU Central Library 08/09/2043 Krishna Book Distributors 449.00 KBD/2017-2018/1019343059   670.285 SI-C 39604 08/17/2023 08/17/2023 Book

Website Designed and Developed by MRSPTU Central Library Team

E-mail Id: librarian@mrsptu.ac.in